000 00404nam a2200157Ia 4500
008 230312s9999||||xx |||||||||||||| ||und||
020 _a0-442-31895-2
082 _a686.22
_bMEG-H
100 _aMeggs;Philip.B
245 0 _aHistory of Graphic Design
260 _bVan Nostrand Reinhold
_aUSA
_c1992
300 _a509
546 _aEng.
650 _aArchitecture
_vHistory of Graphic Design
942 _cBK
999 _c6630
_d6630